000 00811cam a2200253ua 4500
005 20210410121019.0
008 190322n ii |||gr||||Z||||||eng
020 _a9788183701136
040 _cMAIN
_aIN-DiNC
041 _deng
082 _a362.29095416
_bDIM
245 _aDimensions of social issues in Indias North East:
_bselections on youth, drugs, education and unemployment/
_cedited by H Sudhir and Jubita Hajarimayum
250 _a1st ed.
260 _aNew Delhi:
_bAkansha publishing house,
_c2007.
300 _axiii, 150p.
650 _aSocial problems in Northeast India
650 _aDrug use
650 _aUnemployment
653 _aSociology & anthropology
653 _aNorth East studies
700 _aSudhir, H
_eEditor
700 _aHajarimayum, Jubita
_eEditor
942 _cBK
_2ddc
999 _c9592
_d9592